Plant resources of South - East Asia : Forages

Na minha lista:
Detalhes bibliográficos
Autor principal: Mannetje, L. 't
Formato: Livro
Idioma:Undetermined
Publicado em: Indonesia Prosea 1992
Assuntos:
Tags: Adicionar Tag
Sem tags, seja o primeiro a adicionar uma tag!
Thư viện lưu trữ: Trung tâm Học liệu Trường Đại học Cần Thơ
LEADER 00584nam a2200205Ia 4500
001 CTU_126039
008 210402s9999 xx 000 0 und d
082 |a 581.60959 
082 |b M281 
100 |a Mannetje, L. 't 
245 0 |a Plant resources of South - East Asia : 
245 0 |b Forages 
245 0 |c L. 't Mannetje, R. M. Jones 
260 |a Indonesia 
260 |b Prosea 
260 |c 1992 
650 |a Botany,Tài nguyên thực vật Đông Nam Á 
650 |z Southeast Asia 
904 |i Hiếu 
980 |a Trung tâm Học liệu Trường Đại học Cần Thơ